[Event "11th EUR-ch"]
[Site "Rijeka CRO"]
[Date "2010.03.17"]
[Round "11"]
[White "Jelecevic, Ivo"]
[Black "Nastic, Milorad"]
[Result "1/2-1/2"]
[WhiteElo "2203"]
[BlackElo "2009"]
[EventDate "2010.03.06"]
[PlyCount "81"]

1.e4 e5 2.Nf3 d6 3.d4 Nf6 4.Nc3 Nbd7 5.Bc4 Be7 6.O-O c6 7.a4 b6 8.Re1 Qc7 
9.b3 O-O 10.Bb2 Bb7 11.Qe2 a6 12.Rad1 b5 13.Bd3 b4 14.Na2 a5 15.Nc1 Rfe8 
16.Bc4 Bf8 17.dxe5 dxe5 18.Ng5 Re7 19.Nd3 h6 20.Nh3 Nb6 21.Nxe5 Rxe5 22.
Bxe5 Qxe5 23.Bd3 Bc8 24.Kh1 Bg4 25.f3 Bxh3 26.gxh3 Nh5 27.Rg1 Bc5 28.Rg4 
Nf4 29.Qd2 Nxh3 30.Rf1 g5 31.f4 Qd4 32.Kg2 h5 33.Rg3 g4 34.f5 Bd6 35.f6 
Bf4 36.Qe2 Bxg3 37.hxg3 Nd7 38.Qd2 Qc5 39.e5 Qxe5 40.Rf5 Qa1 41.Rf1 
1/2-1/2

[Event "11th EUR-ch"]
[Site "Rijeka CRO"]
[Date "2010.03.17"]
[Round "11"]
[White "Pejic, Igor"]
[Black "Ofstad, Per"]
[Result "0-1"]
[WhiteElo "1900"]
[BlackElo "2197"]
[EventDate "2010.03.06"]
[PlyCount "56"]

1.e4 e5 2.Nf3 Nc6 3.d4 exd4 4.Bc4 Nf6 5.O-O Nxe4 6.Re1 d5 7.Bxd5 Qxd5 8.
Nc3 Qa5 9.Nxe4 Be6 10.Bd2 Qd5 11.Bg5 Bd6 12.Bf6 O-O 13.Nfg5 Be7 14.c4 Qd8 
15.Nxh7 Kxh7 16.Ng5+ Kg6 17.Nxe6 fxe6 18.Qg4+ Kf7 19.Qxe6+ Ke8 20.Bxg7 Rf7
21.Qg6 Qd6 22.Re6 Qxe6 23.Qxe6 Rxg7 24.h4 Rd8 25.c5 d3 26.h5 Nd4 27.Qe4 
Ne2+ 28.Kh2 Rd4 0-1

[Event "11th EUR-ch"]
[Site "Rijeka CRO"]
[Date "2010.03.17"]
[Round "11"]
[White "Hartung, Jerry"]
[Black "Stefan, Mario"]
[Result "0-1"]
[WhiteElo "2191"]
[BlackElo "1968"]
[EventDate "2010.03.06"]
[PlyCount "94"]

1.d4 Nf6 2.Nf3 g6 3.Bf4 Bg7 4.e3 O-O 5.c4 d5 6.Nbd2 c5 7.Rc1 cxd4 8.exd4 
Nc6 9.c5 Nh5 10.Be5 f6 11.Bg3 Nxg3 12.hxg3 e5 13.Nb3 e4 14.Nh2 f5 15.Bb5 
f4 16.gxf4 Rxf4 17.g3 Rf7 18.Rc2 Nb4 19.Re2 a6 20.a3 Nc6 21.Bxc6 bxc6 22.
Qd2 a5 23.Qe3 a4 24.Nc1 h5 25.f4 Qf6 26.Rd2 h4 27.g4 Qxf4 28.Qxf4 Rxf4 29.
Ne2 Rf7 30.Nc3 Bh6 31.Rf2 Bf4 32.Ne2 Bg3 33.Nxg3 hxg3 34.Rxf7 Kxf7 35.g5 
gxh2 36.Rxh2 Ba6 37.Rf2+ Kg7 38.Rf6 Bb5 39.Rd6 Rf8 40.Kd2 Rf3 41.Rd7+ Kf8 
42.Rd6 Kf7 43.Rd7+ Ke6 44.Rb7 e3+ 45.Kc2 e2 46.b4 e1=Q 47.Kb2 Rf2# 0-1

[Event "11th EUR-ch"]
[Site "Rijeka CRO"]
[Date "2010.03.17"]
[Round "11"]
[White "Milonakis, Georgios"]
[Black "Srdoc, Nenad"]
[Result "1-0"]
[WhiteElo "2154"]
[BlackElo "1949"]
[EventDate "2010.03.06"]
[PlyCount "59"]

1.e4 c6 2.d4 d5 3.exd5 cxd5 4.c4 e6 5.Nc3 Nf6 6.Nf3 Nc6 7.Bg5 Be7 8.c5 O-O
9.Bb5 Bd7 10.Rc1 Ne4 11.Bxe7 Qxe7 12.O-O Ng5 13.Nxg5 Qxg5 14.Re1 Rfe8 15.
Bf1 Ne7 16.b4 b6 17.Bb5 Red8 18.Bxd7 Rxd7 19.Qa4 Rdd8 20.c6 Nf5 21.c7 Rf8 
22.Ne2 Nd6 23.Qd7 Nc4 24.Nc3 a6 25.Na4 Qd2 26.a3 Qxd4 27.Rxc4 Qxc4 28.Nxb6
Qc3 29.Rf1 d4 30.Nxa8 1-0

[Event "11th EUR-ch"]
[Site "Rijeka CRO"]
[Date "2010.03.17"]
[Round "11"]
[White "Faika, Michael"]
[Black "Pfeifer, Antun"]
[Result "1-0"]
[WhiteElo "2102"]
[BlackElo "1882"]
[EventDate "2010.03.06"]
[PlyCount "65"]

1.e4 c5 2.Nf3 d6 3.c3 Nf6 4.Be2 Bg4 5.O-O e6 6.Re1 Nc6 7.d4 cxd4 8.cxd4 d5
9.e5 Nd7 10.Nbd2 Bb4 11.a3 Be7 12.h3 Bxf3 13.Nxf3 O-O 14.Qd3 Rc8 15.Bd1 
Nb6 16.Bc2 g6 17.Bh6 Re8 18.h4 f5 19.exf6 Bxf6 20.h5 Ne7 21.Rxe6 Nf5 22.
Rxe8+ Qxe8 23.Bf4 Qe4 24.Qxe4 dxe4 25.Bxe4 Nxd4 26.Nxd4 Bxd4 27.hxg6 hxg6 
28.Bxg6 Bxb2 29.Ra2 Na4 30.Bf5 Rc3 31.Bd7 Nc5 32.Rxb2 Nxd7 33.Rxb7 1-0

[Event "11th EUR-ch"]
[Site "Rijeka CRO"]
[Date "2010.03.17"]
[Round "11"]
[White "Malachi, Avraham"]
[Black "Jokic, Miljenko"]
[Result "1-0"]
[WhiteElo "2188"]
[BlackElo "1949"]
[EventDate "2010.03.06"]
[PlyCount "54"]

1.e4 e5 2.Nf3 Nc6 3.Bb5 Nf6 4.Qe2 Nd4 5.Nxd4 exd4 6.e5 Nd5 7.Qe4 Nb4 8.c3 
dxc3 9.bxc3 Nc6 10.d4 a6 11.Bc4 Qe7 12.Bd5 Nd8 13.Ba3 d6 14.O-O g6 15.Re1 
Bf5 16.exd6 Qxe4 17.Bxe4 Bxe4 18.dxc7 Ne6 19.Rxe4 Kd7 20.Bxf8 Rhxf8 21.Nd2
Rac8 22.Nf3 Rxc7 23.c4 f5 24.Re3 Ng7 25.Rae1 Kc8 26.Re7 Rf7 27.Rxf7 Rxf7 
1-0

[Event "11th EUR-ch"]
[Site "Rijeka CRO"]
[Date "2010.03.17"]
[Round "11"]
[White "Camber, Ivan"]
[Black "Barlocco, Carlo"]
[Result "0-1"]
[WhiteElo "1911"]
[BlackElo "2173"]
[EventDate "2010.03.06"]
[PlyCount "48"]

1.e4 Nc6 2.d4 d5 3.e5 Bf5 4.Nf3 e6 5.Be2 Nb4 6.Na3 c5 7.O-O Nc6 8.c3 cxd4 
9.Nxd4 Nge7 10.Bg5 Qc7 11.Bxe7 Bxe7 12.Nxf5 exf5 13.Qxd5 Bxa3 14.bxa3 O-O 
15.f4 Rfd8 16.Qf3 Qa5 17.Bc4 Qc5+ 18.Kh1 Qxc4 19.Rab1 Rd3 20.Qh5 g6 21.Qg5
Rd2 22.Rg1 Nd8 23.Rbf1 Ne6 24.Qh6 Nc5 0-1

[Event "11th EUR-ch"]
[Site "Rijeka CRO"]
[Date "2010.03.17"]
[Round "11"]
[White "Welz, Peter"]
[Black "Nakas, Spyridon"]
[Result "1-0"]
[WhiteElo "2148"]
[BlackElo "1934"]
[EventDate "2010.03.06"]
[PlyCount "69"]

1.e4 e6 2.d4 d5 3.e5 c5 4.c3 Qb6 5.Nf3 Bd7 6.Be2 Bb5 7.O-O Bxe2 8.Qxe2 Nc6
9.Be3 cxd4 10.cxd4 Nge7 11.Nc3 Nf5 12.Rad1 Be7 13.g4 Nxe3 14.fxe3 O-O 15.
g5 f6 16.gxf6 gxf6 17.exf6 Rxf6 18.Kh1 Raf8 19.Rg1+ Kh8 20.Rg3 Rg8 21.
Rxg8+ Kxg8 22.Nh4 Qd8 23.Rg1+ Kh8 24.Qh5 Qf8 25.Ng6+ Rxg6 26.Rxg6 Qf7 27.
Rg5 Qxh5 28.Rxh5 Kg7 29.Rh3 Bg5 30.Rf3 Ne7 31.e4 Nc6 32.exd5 Nxd4 33.Rg3 
Kh6 34.d6 Nf5 35.Rxg5 1-0

[Event "11th EUR-ch"]
[Site "Rijeka CRO"]
[Date "2010.03.17"]
[Round "11"]
[White "Chubar, Vladimir"]
[Black "Winkler, Stefan"]
[Result "1-0"]
[WhiteElo "2114"]
[BlackElo "1855"]
[EventDate "2010.03.06"]
[PlyCount "69"]

1.d4 e6 2.Nf3 Nf6 3.Bg5 d5 4.Nc3 Nbd7 5.e4 h6 6.Bxf6 Nxf6 7.Bd3 Bb4 8.Qe2 
dxe4 9.Bxe4 Bxc3+ 10.bxc3 Nxe4 11.Qxe4 Qd5 12.Qxd5 exd5 13.Rb1 b6 14.Kd2 
Be6 15.Rhe1 Kd7 16.Ne5+ Kd6 17.Re3 Rhe8 18.Rbe1 g5 19.Rf3 f5 20.Rh3 Rh8 
21.Ng6 Rh7 22.Rhe3 Bf7 23.Ne7 f4 24.Nf5+ Kc6 25.Re7 Rd8 26.h3 Rd7 27.R7e5 
Rd8 28.h4 g4 29.Ne7+ Kd6 30.h5 Rd7 31.Ng6 Rg7 32.Nf8 c6 33.Nxd7 Kxd7 34.
Re7+ Kc8 35.Rxa7 1-0

[Event "11th EUR-ch"]
[Site "Rijeka CRO"]
[Date "2010.03.17"]
[Round "11"]
[White "Jambresic, Jurica"]
[Black "Neagos, Raul-Alexandru"]
[Result "0-1"]
[WhiteElo "1877"]
[BlackElo "2100"]
[EventDate "2010.03.06"]
[PlyCount "52"]

1.e4 c5 2.Nf3 d6 3.d4 cxd4 4.Nxd4 Nf6 5.Nc3 a6 6.Bg5 e6 7.Bc4 Be7 8.Bb3 
Nc6 9.Qd2 h6 10.Be3 Na5 11.f3 Qc7 12.O-O O-O 13.g4 Nxb3 14.Nxb3 b5 15.g5 
hxg5 16.Bxg5 Nh5 17.a3 f5 18.Rad1 fxe4 19.fxe4 Bb7 20.Bxe7 Qxe7 21.Qxd6 
Rxf1+ 22.Kxf1 Rf8+ 23.Kg1 Qg5+ 24.Kh1 Qg4 25.Nc5 Qf3+ 26.Kg1 Nf4 0-1

[Event "11th EUR-ch"]
[Site "Rijeka CRO"]
[Date "2010.03.17"]
[Round "11"]
[White "Rafaelic, Denis"]
[Black "Krauss, Josef"]
[Result "0-1"]
[WhiteElo "1714"]
[BlackElo "2100"]
[EventDate "2010.03.06"]
[PlyCount "104"]

1.d4 d5 2.c4 c6 3.cxd5 cxd5 4.Nc3 Nf6 5.Nf3 Nc6 6.Bf4 Bf5 7.e3 e6 8.Qb3 
Bb4 9.Bb5 O-O 10.Bxc6 Bxc3+ 11.bxc3 bxc6 12.O-O Nh5 13.Bg3 Nxg3 14.hxg3 
Qa5 15.Ne5 Qc7 16.c4 f6 17.Nd3 Rfb8 18.Qc3 Bxd3 19.Qxd3 Rb4 20.cxd5 cxd5 
21.Rfc1 Rc4 22.Rxc4 dxc4 23.Qc3 Rc8 24.Kf1 Qb7 25.Rc1 Qd5 26.f3 f5 27.Kf2 
g5 28.Rb1 Kf7 29.Ke2 Kg6 30.Rb2 Qd6 31.Kf2 Qd5 32.Rc2 h5 33.Rc1 Qb5 34.Rc2
h4 35.gxh4 gxh4 36.Rb2 Qd5 37.Rb4 Qa5 38.a3 Qc7 39.f4 Qc6 40.Rb1 Qd5 41.a4
a6 42.a5 Kf6 43.e4 Qxe4 44.d5+ Kg6 45.Rb6 Qxd5 46.Qe3 Kf7 47.Rxa6 c3 48.
Ra7+ Kf6 49.Rh7 Qc5 50.Rh6+ Kg7 51.Rxh4 Qxe3+ 52.Kxe3 c2 0-1

[Event "11th EUR-ch"]
[Site "Rijeka CRO"]
[Date "2010.03.17"]
[Round "11"]
[White "Lazic, Dusko"]
[Black "Antoniacci, Riccardo"]
[Result "1-0"]
[WhiteElo "2046"]
[BlackElo "1921"]
[EventDate "2010.03.06"]
[PlyCount "91"]

1.e4 Nc6 2.Bc4 Nf6 3.Nc3 e6 4.d3 Bb4 5.Bd2 O-O 6.Nge2 Re8 7.O-O d5 8.Bb5 
a6 9.Bxc6 bxc6 10.a3 Be7 11.Ng3 d4 12.Nce2 c5 13.b3 Bb7 14.h3 Qd7 15.f4 a5
16.a4 Ra6 17.Kh2 Qc6 18.Rf2 h5 19.Ng1 h4 20.Nh5 Nd7 21.Qg4 g6 22.Nf3 Kh7 
23.Ne5 Nxe5 24.fxe5 Rf8 25.Nf6+ Bxf6 26.exf6 Rh8 27.Bh6 Kg8 28.Bg7 Rh5 29.
Kg1 Qd6 30.Rf3 Ra8 31.Raf1 e5 32.Rf5 Rh7 33.Rg5 Bc8 34.Qf3 Be6 35.Kh2 Qd7 
36.Rxe5 Qd6 37.Qf4 Rb8 38.Kg1 Rb4 39.Qg5 c4 40.Rxa5 Rb8 41.bxc4 Qd8 42.Rb5
Rxb5 43.Qxb5 Rh5 44.Qb7 Ra5 45.Qb4 c5 46.Qd2 1-0

[Event "11th EUR-ch"]
[Site "Rijeka CRO"]
[Date "2010.03.17"]
[Round "11"]
[White "Hayes, Peter"]
[Black "Lekic, Lazar"]
[Result "0-1"]
[WhiteElo "2046"]
[BlackElo "1739"]
[EventDate "2010.03.06"]
[PlyCount "88"]

1.d4 Nf6 2.c4 g6 3.Nc3 Bg7 4.e4 d6 5.Nf3 O-O 6.Be2 e5 7.O-O Nc6 8.d5 Ne7 
9.Ne1 Nd7 10.f3 f5 11.Be3 f4 12.Bf2 g5 13.a4 Ng6 14.a5 Rf7 15.b4 Bf8 16.
Nd3 Rg7 17.c5 h5 18.c6 Nf6 19.cxb7 Bxb7 20.a6 Bc8 21.Kh1 g4 22.g3 Qd7 23.
gxf4 Nxf4 24.Nxf4 exf4 25.Bb5 Qe7 26.Rg1 Qe5 27.Qd4 Qg5 28.Rae1 Nd7 29.
Bxd7 Bxd7 30.e5 g3 31.hxg3 Qf5 32.Rg2 fxg3 33.Bxg3 Qh3+ 34.Kg1 Rxg3 35.Re2
Bg7 36.Ne4 dxe5 37.Qc4 Rxf3 38.d6+ Be6 39.Qxc7 Bg4 40.d7 Qh4 41.Qd6 Rd8 
42.Qg6 Rxd7 43.Rd2 Qe1+ 44.Kh2 Rh3# 0-1

[Event "11th EUR-ch"]
[Site "Rijeka CRO"]
[Date "2010.03.17"]
[Round "11"]
[White "Valkovic, Kristian"]
[Black "Mateta, Marin"]
[Result "1-0"]
[WhiteElo "2027"]
[BlackElo "1687"]
[EventDate "2010.03.06"]
[PlyCount "129"]

1.d4 g6 2.Nf3 b6 3.Bf4 Bg7 4.e3 Bb7 5.Be2 Nf6 6.O-O Nh5 7.Bg5 h6 8.Bh4 g5 
9.Bg3 d6 10.c4 Qd7 11.Nc3 a6 12.Qc2 Nc6 13.a3 O-O-O 14.b4 f5 15.d5 Na7 16.
Rac1 Kb8 17.a4 f4 18.exf4 gxf4 19.Bh4 Bf6 20.Bxf6 Nxf6 21.Nd4 c5 22.bxc5 
dxc5 23.Ne6 Rdg8 24.Bf3 Qd6 25.Rfe1 h5 26.Qf5 Nd7 27.Qxf4 Qxf4 28.Nxf4 e5 
29.dxe6 Bxf3 30.exd7 Nc6 31.Kf1 Bg4 32.Ncd5 Kb7 33.Rb1 Bxd7 34.Rxb6+ Ka7 
35.Reb1 Rb8 36.Rxb8 Nxb8 37.Nd3 Bf5 38.Rb3 Nd7 39.a5 h4 40.Ne7 Be4 41.f3 
Ba8 42.Nf4 Ne5 43.Nfg6 Nxg6 44.Nxg6 Rh6 45.Rb6 h3 46.Ne7 hxg2+ 47.Kxg2 
Rxb6 48.Nc8+ Kb8 49.Nxb6 Bc6 50.h4 Be8 51.Kg3 Bh5 52.Nd7+ Kc7 53.Nxc5 Bf7 
54.Nxa6+ Kc6 55.Nb4+ Kc5 56.Nd3+ Kd6 57.c5+ Kc7 58.Ne5 Be6 59.h5 Kb7 60.
Kf4 Ka6 61.h6 Bg8 62.c6 Bh7 63.Nd7 Ka7 64.Nb6 Kb8 65.a6 1-0

[Event "11th EUR-ch"]
[Site "Rijeka CRO"]
[Date "2010.03.17"]
[Round "11"]
[White "Klasan, Elvis"]
[Black "Dubrovic, Rafael"]
[Result "1-0"]
[WhiteElo "1995"]
[BlackElo "1577"]
[EventDate "2010.03.06"]
[PlyCount "95"]

1.Nf3 d5 2.b3 Bf5 3.Bb2 Nf6 4.e3 e6 5.Be2 Bd6 6.O-O O-O 7.Nh4 Ng4 8.Nxf5 
Bxh2+ 9.Kh1 Nxf2+ 10.Rxf2 exf5 11.Kxh2 Qh4+ 12.Kg1 Re8 13.Rf3 Re6 14.Rh3 
Qe4 15.Bf3 Qb4 16.Bxd5 Rg6 17.Qe2 h6 18.Qc4 Qe7 19.Bxb7 Qg5 20.Qf4 Qe7 21.
Rg3 c6 22.Rxg6 fxg6 23.Bxa8 Qd8 24.Qe5 Qf8 25.Qxg7+ Qxg7 26.Bxg7 Kxg7 27.
Nc3 Na6 28.d4 Nb4 29.Bxc6 Nxc2 30.Rd1 Nxe3 31.d5 Nxd1 32.d6 Kf7 33.d7 Ke7 
34.Nd5+ Kd8 35.Nf4 Ke7 36.Ne6 Kxe6 37.d8=Q Nc3 38.Qe8+ Kd6 39.Qf8+ Kxc6 
40.Qc8+ Kd6 41.Qxc3 Ke6 42.Kf2 Kf7 43.Ke3 a6 44.Kf4 Kg8 45.Qc7 Kh8 46.Ke5 
Kg8 47.Kf6 Kh8 48.Qg7# 1-0

[Event "11th EUR-ch"]
[Site "Rijeka CRO"]
[Date "2010.03.17"]
[Round "11"]
[White "Cabrijan, Ivan"]
[Black "Spika, Ivica"]
[Result "0-1"]
[WhiteElo "1811"]
[BlackElo "2085"]
[EventDate "2010.03.06"]
[PlyCount "68"]

1.d4 d5 2.c4 e6 3.Nf3 Nf6 4.Nc3 a6 5.e3 Nbd7 6.Bd3 dxc4 7.Bxc4 b5 8.Bd3 c5
9.b3 Bb7 10.O-O Be7 11.Bb2 cxd4 12.exd4 O-O 13.Rc1 Nd5 14.Nxd5 Bxd5 15.h3 
Rc8 16.Rxc8 Qxc8 17.Nh2 Nf6 18.Qe2 Qb7 19.Nf3 Bxf3 20.gxf3 Nd5 21.Qe4 g6 
22.Rc1 Rc8 23.Rxc8+ Qxc8 24.Bb1 Qc7 25.Qg4 Qf4 26.Be4 h5 27.Qg2 Qd2 28.Ba1
Nf4 29.Qf1 Bh4 30.Bb7 Bxf2+ 31.Kh1 Bg3 32.Qg1 h4 33.Bc3 Qxc3 34.Qd1 Qb2 
0-1

[Event "11th EUR-ch"]
[Site "Rijeka CRO"]
[Date "2010.03.17"]
[Round "11"]
[White "Gradiser, Dragoljub"]
[Black "Dubrovic, Mihovil"]
[Result "1-0"]
[WhiteElo "1954"]
[BlackElo "1849"]
[EventDate "2010.03.06"]
[PlyCount "91"]

1.e4 e5 2.Nf3 Nc6 3.Bb5 Nge7 4.c3 d6 5.d4 Bd7 6.O-O Ng6 7.Re1 Be7 8.Nbd2 
O-O 9.d5 Nb8 10.Bc4 Bc8 11.Nf1 Nd7 12.h3 Bh4 13.g3 Be7 14.Ne3 Nc5 15.Nf5 
Bf6 16.g4 Nh4 17.N5xh4 Bxh4 18.g5 Bxf2+ 19.Kxf2 f5 20.Bd3 fxe4 21.Bxe4 
Nxe4+ 22.Rxe4 Bf5 23.Qe2 Bxe4 24.Qxe4 Qd7 25.Kg2 g6 26.Bd2 Qb5 27.b4 a5 
28.a4 Qd7 29.b5 Rf7 30.Nh2 Qf5 31.Qxf5 gxf5 32.h4 Re8 33.Re1 Kg7 34.h5 
Ref8 35.c4 Ra8 36.Kg3 c6 37.c5 cxd5 38.cxd6 f4+ 39.Kg4 Re8 40.Rxe5 Ref8 
41.Nf3 Rc8 42.Rxd5 b6 43.d7 Rd8 44.Ne5 Re7 45.Kxf4 Kg8 46.Be3 1-0

[Event "11th EUR-ch"]
[Site "Rijeka CRO"]
[Date "2010.03.17"]
[Round "11"]
[White "Di Lazzaro, Gabriele"]
[Black "Mravic, Filip"]
[Result "0-1"]
[WhiteElo "1898"]
[BlackElo "1718"]
[EventDate "2010.03.06"]
[PlyCount "90"]

1.e4 e5 2.Nf3 Nf6 3.Nxe5 d6 4.Nf3 Nxe4 5.c4 d5 6.Nc3 Nf6 7.cxd5 Nxd5 8.
Bb5+ c6 9.Be2 Bf5 10.Nxd5 Qxd5 11.O-O Bd6 12.d4 Nd7 13.b3 Nb6 14.a4 a5 15.
Ng5 Be7 16.Bf3 Qd7 17.Ne4 O-O 18.Ng3 Be6 19.Re1 Rfd8 20.Bb2 Bf6 21.Ne2 Nd5
22.Be4 Bf5 23.Ng3 Be6 24.Nh5 Bg5 25.Ng3 g6 26.Ne2 f5 27.Bd3 Nb4 28.Bc4 Re8
29.f4 Bf6 30.Qd2 Rad8 31.Rad1 b6 32.Bc3 Nd5 33.Bxd5 Bxd5 34.Qb2 Qf7 35.Nc1
Re4 36.Rxe4 Bxe4 37.Ne2 Qd5 38.Ng3 c5 39.Be1 Bxd4+ 40.Rxd4 Qxd4+ 41.Qxd4 
Rxd4 42.Ne2 Rd1 43.Kf2 Bxg2 44.Nc3 Rc1 45.Ke2 Be4 0-1

[Event "11th EUR-ch"]
[Site "Rijeka CRO"]
[Date "2010.03.17"]
[Round "11"]
[White "Krsnik Cohar, Ivan Vihor"]
[Black "Gandolfi, Gianfranco"]
[Result "1/2-1/2"]
[WhiteElo "1718"]
[BlackElo "1780"]
[EventDate "2010.03.06"]
[PlyCount "114"]

1.d4 Nf6 2.Nf3 d5 3.Bg5 Ne4 4.Bf4 c6 5.e3 Bg4 6.Be2 Qb6 7.Qc1 e6 8.c3 Be7 
9.O-O Nd7 10.Nbd2 Ndf6 11.h3 Nxd2 12.Qxd2 Ne4 13.Qc2 Bf5 14.Bd3 O-O 15.Ne5
Rad8 16.c4 f6 17.c5 Qa5 18.Nf3 g5 19.Bh2 Rd7 20.g4 Bg6 21.h4 h6 22.a3 Qd8 
23.h5 Bh7 24.Nd2 f5 25.f3 Nxd2 26.Qxd2 Bf6 27.Qc2 f4 28.Bxh7+ Rxh7 29.Qd3 
e5 30.dxe5 Bxe5 31.exf4 Bxf4 32.Bxf4 Rxf4 33.Qg6+ Kh8 34.Rae1 Rf8 35.f4 
Rg8 36.Qe6 gxf4 37.Qe5+ Rhg7 38.Rxf4 Qh4 39.Re2 Kh7 40.Rg2 Re7 41.Qf5+ Kh8
42.Rf1 Re1 43.Qf4 Rxf1+ 44.Qxf1 Re8 45.Rh2 Qg3+ 46.Rg2 Qe3+ 47.Kh2 Qe5+ 
48.Kh3 Qg5 49.Rg3 Re3 50.Qf2 Rxg3+ 51.Qxg3 Qe7 52.b4 Kg7 53.Qf4 a6 54.a4 
Qf7 55.Qe3 Qf6 56.Qd3 Qe6 57.Qd4+ Qf6 1/2-1/2

[Event "11th EUR-ch"]
[Site "Rijeka CRO"]
[Date "2010.03.17"]
[Round "11"]
[White "Tica, Sven"]
[Black "Tomulic, Teo"]
[Result "1/2-1/2"]
[WhiteElo "1562"]
[BlackElo "1577"]
[EventDate "2010.03.06"]
[PlyCount "110"]

1.c4 e5 2.g3 Nf6 3.Bg2 c6 4.d4 exd4 5.Qxd4 Na6 6.Nf3 Bc5 7.Qe5+ Qe7 8.
Qxe7+ Bxe7 9.O-O O-O 10.Nc3 Nc7 11.Rd1 d5 12.Bf4 Ne6 13.cxd5 Nxf4 14.gxf4 
Nxd5 15.Nxd5 cxd5 16.Rac1 Rb8 17.Ne5 Be6 18.Bxd5 Rbd8 19.Bxe6 fxe6 20.e3 
Rxd1+ 21.Rxd1 Rd8 22.Rxd8+ Bxd8 23.Kg2 Kf8 24.Kf3 Ke7 25.Ke4 g6 26.a4 Ba5 
27.Nc4 Be1 28.f3 Bb4 29.Ke5 b6 30.e4 h6 31.f5 exf5 32.exf5 gxf5 33.Kxf5 
Kf7 34.Ne5+ Kg7 35.Nc6 Bd6 36.h4 a6 37.h5 Kf7 38.Ne5+ Kg7 39.Ke6 Bc5 40.
Kd5 Bf2 41.Kc6 Bd4 42.Nc4 b5 43.axb5 axb5 44.Kxb5 Kf6 45.Kc6 Kg5 46.Kd5 
Ba7 47.Ke4 Kxh5 48.Kf5 Bc5 49.Ne5 Kh4 50.f4 h5 51.Ng6+ Kg3 52.Kg5 h4 53.
Nxh4 Be7+ 54.Kh5 Bf6 55.b4 Kxf4 1/2-1/2